Normal view
MARC view
- Khan,Waqas Ahmed
Entry Personal Name
001 - CONTROL NUMBER
- control field: 1730
003 - CONTROL NUMBER IDENTIFIER
- control field: NUST
005 - DATE AND TIME OF LATEST TRANSACTION
- control field: 20170531124834.0
008 - FIXED-LENGTH DATA ELEMENTS
- fixed length control field: 170531|| aca||aabn | a|a d
040 ## - CATALOGING SOURCE
- Original cataloging agency: NUST
- Transcribing agency: NUST
100 ## - HEADING--PERSONAL NAME
- Personal name: Khan,Waqas Ahmed
670 ## - SOURCE DATA FOUND
- Source citation: Work cat.: (NUST): Khan,Waqas Ahmed, Monitoring and Camparing The Formaldehyde Concentration Over Islamabad and Pir Sohawa Valley By Exploiting Max-Bosa Satellite Observations , 2016
